000
00241 a2200097 4500
001
59721
100
_a
245
_a
Designing and Building Business Applications; Oracle 9i
260
_a
New York
_b
Mc Graw Hill
_c
2005
090
_c
36603
_d
36603
942
_a
NUST-CAE
_c
_c
29562
999
_c
294794
_d
294794